[Event "Aragon-chT Preferente Gr-II"]
[Site "Aragon"]
[Date "2019.02.02"]
[Round "2.64"]
[White "Olivan Alvira, Alejandro"]
[Black "Moya Gimeno, Raul"]
[Result "0-1"]
[WhiteElo "1459"]
[BlackElo "1710"]
[PlyCount "86"]
[EventDate "2019.01.26"]
[EventType "team-tourn"]
[EventRounds "9"]
[EventCountry "ESP"]
[SourceTitle "EXT 2020"]
[Source "ChessBase"]
[SourceDate "2019.10.17"]
[SourceVersion "1"]
[SourceVersionDate "2019.10.17"]
[SourceQuality "1"]
[WhiteTeam "Jaime Casas II"]
[BlackTeam "Marcos Frechin II"]
[WhiteTeamCountry "ESP"]
[BlackTeamCountry "ESP"]

1. d4 Nf6 2. Nf3 g6 3. Bf4 Bg7 4. e3 b6 5. Nc3 Bb7 6. Be2 0-0 7. h4 d6 8. 0-0 Nbd7 9. Re1 a6 10. a4 Re8 11. Qd3 e5 12. dxe5 dxe5 13. Bg5 e4 14. Qd1 exf3 15. Bxf3 Bxf3 16. Qxf3 h6 17. Bf4 Nh5 18. g3 Nxf4 19. Qxf4 Ne5 20. Rad1 Qf6 21. Kg2 Qxf4 22. exf4 Nc4 23. Rxe8+ Rxe8 24. Rd7 Nxb2 25. Rxc7 Bxc3 26. Rxc3 Nxa4 27. Rc6 Re6 28. Rc7 f5 29. Kh3 h5 30. f3 Nc5 31. g4 a5 32. gxf5 gxf5 33. Rc8+ Kg7 34. Rc7+ Kh6 35. Rc8 a4 36. Rh8+ Kg6 37. Rg8+ Kf7 38. Rg5 Re8 39. Rxf5+ Kg6 40. Rg5+ Kh6 41. f5 a3 42. Rg6+ Kh7 43. Rxb6 a2 0-1

[Event "Aragon-chT Preferente A"]
[Site "Aragon"]
[Date "2017.03.18"]
[Round "8.48"]
[White "Olivan Alvira, Alejandro"]
[Black "Miranda Herrera, Miguel"]
[Result "1-0"]
[WhiteElo "1550"]
[BlackElo "1496"]
[PlyCount "59"]
[EventDate "2017.01.28"]
[EventType "team-tourn"]
[EventRounds "9"]
[EventCountry "ESP"]
[SourceTitle "EXT 2018"]
[Source "ChessBase"]
[SourceDate "2017.10.13"]
[SourceVersion "1"]
[SourceVersionDate "2017.10.13"]
[SourceQuality "1"]
[WhiteTeam "Jaime Casas II"]
[BlackTeam "Monsalud"]
[WhiteTeamCountry "ESP"]
[BlackTeamCountry "ESP"]

1. c4 d6 2. e4 Nf6 3. Nc3 g6 4. d4 Bg7 5. f3 0-0 6. Be3 b6 7. Qd2 c5 8. d5 a6 9. h4 h5 10. Nh3 e6 11. Bg5 Qc7 12. Nf4 e5 13. Nd3 Bd7 14. Be2 b5 15. Nf2 b4 16. Ncd1 a5 17. b3 a4 18. Rb1 axb3 19. axb3 Ra3 20. g4 hxg4 21. fxg4 Qc8 22. Bxf6 Bxf6 23. g5 Bg7 24. h5 f5 25. gxf6 Rxf6 26. Qg5 Qe8 27. h6 Bh8 28. h7+ Kf8 29. Qxf6+ Bxf6 30. h8Q+ 1-0

[Event "Aragon-chT Preferente A"]
[Site "Aragon"]
[Date "2017.03.04"]
[Round "6.44"]
[White "Olivan Alvira, Alejandro"]
[Black "Mombiela de Sus, Jose Luis"]
[Result "0-1"]
[WhiteElo "1550"]
[BlackElo "1911"]
[PlyCount "54"]
[EventDate "2017.01.28"]
[EventType "team-tourn"]
[EventRounds "9"]
[EventCountry "ESP"]
[SourceTitle "EXT 2018"]
[Source "ChessBase"]
[SourceDate "2017.10.13"]
[SourceVersion "1"]
[SourceVersionDate "2017.10.13"]
[SourceQuality "1"]
[WhiteTeam "Jaime Casas II"]
[BlackTeam "Las Fuentes"]
[WhiteTeamCountry "ESP"]
[BlackTeamCountry "ESP"]

1. c4 f5 2. Nc3 Nf6 3. d4 e6 4. Bg5 h6 5. Bxf6 Qxf6 6. e4 fxe4 7. Nxe4 Bb4+ 8. Nc3 0-0 9. Nf3 Nc6 10. Qd2 e5 11. dxe5 Nxe5 12. Nxe5 Qxe5+ 13. Qe3 Qa5 14. Be2 d5 15. 0-0 Bf5 16. Nxd5 Rae8 17. Nf6+ gxf6 18. Qg3+ Kh7 19. Bd3 Bd6 20. f4 Bxd3 21. Qxd3+ f5 22. g4 Qc5+ 23. Kg2 Re3 24. Qd5 Qxd5+ 25. cxd5 fxg4 26. f5 Re2+ 27. Kh1 Rxh2+ 0-1

[Event "Aragon-chT Preferente A"]
[Site "Aragon"]
[Date "2014.02.15"]
[Round "4.40"]
[White "Olivan Alvira, Alejandro"]
[Black "Santos Hernandez, Higinio"]
[Result "1/2-1/2"]
[WhiteElo "1551"]
[BlackElo "1660"]
[PlyCount "50"]
[EventDate "2014.01.25"]
[EventType "team-tourn"]
[EventRounds "9"]
[EventCountry "ESP"]
[SourceTitle "EXT 2015"]
[Source "ChessBase"]
[SourceDate "2014.11.20"]
[SourceVersion "1"]
[SourceVersionDate "2014.11.20"]
[SourceQuality "1"]
[WhiteTeam "Jaime Casas II"]
[BlackTeam "Shatranj"]
[WhiteTeamCountry "ESP"]
[BlackTeamCountry "ESP"]

1. Nf3 c5 2. c4 Nc6 3. Nc3 Nf6 4. e3 e6 5. d4 cxd4 6. exd4 d5 7. Bf4 Bb4 8. Bd2 Bxc3 9. bxc3 dxc4 10. Ne5 Bd7 11. Nxd7 Qxd7 12. Bxc4 0-0 13. Be3 Rac8 14. Qd3 a6 15. 0-0 b5 16. Bb3 Ne5 17. Qc2 Nc4 18. a3 Qc7 19. Bxc4 Qxc4 20. Rfc1 Nd5 21. Bd2 a5 22. Qa2 Qd3 23. Qc2 Qc4 24. Qa2 Qd3 25. Qc2 Qc4 1/2-1/2

[Event "Aragon-chT Preferente B"]
[Site "Aragon"]
[Date "2012.02.18"]
[Round "3.68"]
[White "Goni Navarro, Pablo"]
[Black "Olivan Alvira, Alejandro"]
[Result "1/2-1/2"]
[WhiteElo "1647"]
[BlackElo "1569"]
[PlyCount "56"]
[EventDate "2012.02.04"]
[EventType "team"]
[EventRounds "9"]
[EventCountry "ESP"]
[SourceTitle "EXT 2014"]
[Source "ChessBase"]
[SourceDate "2013.11.20"]
[SourceVersion "1"]
[SourceVersionDate "2013.11.20"]
[SourceQuality "1"]
[WhiteTeam "St Casablanca IV"]
[BlackTeam "Jaime Casas II"]
[WhiteTeamCountry "ESP"]
[BlackTeamCountry "ESP"]

1. e4 d5 2. exd5 Qxd5 3. Nc3 Qa5 4. Bc4 Nf6 5. d3 c6 6. Bd2 Qe5+ 7. Qe2 Qxe2+ 8. Ngxe2 Bf5 9. 0-0 e6 10. Ng3 Bg4 11. h3 Bh5 12. Bg5 Bg6 13. Rfe1 Be7 14. Bf4 Nbd7 15. Rad1 0-0 16. Nge4 b5 17. Bb3 a5 18. a3 h6 19. Bd6 Bxd6 20. Nxd6 Nc5 21. Nde4 Nxb3 22. Nxf6+ gxf6 23. cxb3 Rfd8 24. Ne4 Kg7 25. Kf1 f5 26. Nc5 Rd5 27. d4 Kf6 28. f4 h5 1/2-1/2

[Event "Aragon-chT Preferente-B"]
[Site "Spain"]
[Date "2011.03.19"]
[Round "7.4"]
[White "Olivan Alvira, Alejandro"]
[Black "Gomez Zazurca, Rodolfo"]
[Result "0-1"]
[WhiteElo "1573"]
[BlackElo "1814"]
[PlyCount "118"]
[EventDate "2011.02.05"]
[EventType "team-tourn"]
[EventRounds "9"]
[EventCountry "ESP"]
[SourceTitle "EXT 2013"]
[Source "ChessBase"]
[SourceDate "2012.11.22"]
[SourceVersion "1"]
[SourceVersionDate "2012.11.22"]
[SourceQuality "1"]
[WhiteTeam "Jaime Casas II"]
[BlackTeam "Atl Huesca"]
[WhiteTeamCountry "ESP"]
[BlackTeamCountry "ESP"]

1. d4 d5 2. Nf3 Nf6 3. Bf4 e6 4. e3 Bd6 5. Bg3 Ne4 6. Bh4 Be7 7. Bxe7 Qxe7 8. c3 c5 9. Bd3 Nc6 10. Nbd2 cxd4 11. exd4 Nd6 12. 0-0 Bd7 13. Re1 0-0 14. Qc2 h6 15. Re3 b5 16. b4 a5 17. a3 axb4 18. cxb4 Nxb4 19. Qb3 Nxd3 20. Rxd3 Nc4 21. Ne5 Rfc8 22. Nxd7 Qxd7 23. Nf3 Ra4 24. Ne5 Nxe5 25. dxe5 Qc7 26. Rdd1 Qxe5 27. Qxb5 Rca8 28. f4 Qxf4 29. Rf1 Qd4+ 30. Kh1 Qc4 31. Qb7 R4a7 32. Qb1 Rxa3 33. Rxa3 Rxa3 34. Rc1 Rc3 35. Qb8+ Kh7 36. Qb1+ Qd3 37. Qxd3+ Rxd3 38. Kg1 Rd2 39. h3 h5 40. Rc7 Kg6 41. h4 e5 42. Rc6+ Kf5 43. Rc7 Ke6 44. Rc6+ Kd7 45. Ra6 e4 46. Ra7+ Ke6 47. Ra6+ Ke5 48. Ra7 Kf6 49. Ra6+ Kf5 50. Ra7 Kg6 51. Ra3 d4 52. Rg3+ Kf6 53. Rg5 g6 54. g4 hxg4 55. Rxg4 Kf5 56. Rg5+ Kf4 57. Ra5 e3 58. Kf1 Kf3 59. Ke1 Rh2 0-1